| 000 | 00861nam a2200277Ia 4500 | ||
|---|---|---|---|
| 003 | GCL | ||
| 008 | 140319s9999 xx 000 0 ara d | ||
| 040 |
_aGCL / _cGCL |
||
| 082 | 0 | 4 |
_a658 _bع ع |
| 100 | 1 | _aعلى الشرقاوى | |
| 245 | 1 | 0 |
_aالعملية الادارية فى ميدان الاعمال مدخل الوظائف والدراسات / _cعلى الشرقاوى |
| 260 |
_a[S.N] : _bمؤسسة شباب الجامعة ، _c1992 |
||
| 300 | _a639 ص | ||
| 490 | _a | ||
| 650 | 0 | 4 | _aادارة الاعمال |
| 650 | 0 | 4 | _aالتسويق |
| 650 | 0 | 4 | _aالتكنولوجيا |
| 650 | 0 | 4 | _aالخطوط |
| 650 | 0 | 4 | _aادارة الافراد |
| 650 | 0 | 4 | _aالادارة الصناعية |
| 650 | 0 | 4 | _aالمديريون |
| 650 | 0 | 4 | _aالانتاج |
| 650 | 0 | 4 | _aالقرار |
| 650 | 0 | 4 | _aالتوصية |
| 942 |
_2ddc _cBK |
||
| 999 |
_c28860 _d28860 |
||